000 00420nam a2200157 4500
001 133411
003 ES-MaACL
005 20230906194411.0
007 t|
008 070214s1972 sp r ||||1| spa d
100 1 _aRuibal, Alvaro.
_9100567
245 1 4 _aLos pueblos y las sombras /
_cAlvaro Ruibal.
260 _aBarcelona :
_bPlaneta,
_c1972.
300 _a210 p. ;
_c21 cm.
852 _aES-MaACL
_jC-43811
_bR.82469
999 _c133411
_d133411